Name the Star Wars character - Statistics

General Stats
  • This quiz has been taken 8 times
  • The average score is 8 of 13
Answer Stats
Hint Answer % Correct
Most famous wookie in Star Wars Chewbacca
100%
Giant slug alien Jabba the Hutt
100%
Smuggler that is getting his own movie Han Solo
86%
This jedi had a purple lightsabre Mace Windu
86%
Horned sith lord Darth Maul
71%
Green jedi, whose species is unknown Yoda
71%
It's a trap! Admiral Ackbar
43%
Her father helped design the Death Star Jyn Erso
43%
Ewok that helped Leia on Endor Wicket
43%
Friend of Chirrut Imwe Baze Malbus
29%
Blue bounty hunter with a hat Cad Bane
29%
Anakin's main enemy in the podrace Sebulba
29%
Anakin's former owner Watto
29%
No matching quizzes found
Score Distribution
Percent of People with Each Score
Percentile by Number Answered
Your Score History
You have not taken this quiz